000 01472cam a2200229 4500500
005 20260412000636.0
041 _afre
042 _adc
100 1 0 _aButler, Judith
_eauthor
700 1 0 _aAscher, Ivan
_eauthor
245 0 0 _aViolence, non-violence : Sartre, à propos de Fanon
260 _c2014.
500 _a6
520 _aViolence, Non-Violence : Sartre on FanonThe article examines Sartre’s highly controversial preface to The Wretched of the Earth. Its aim is to identify what, in the various modes of address, are elements in an economy of violence and what, on the contrary, participates in a process of recognition. The examination of the addressees of the address leads to a correlative transformation of the very notion of the author, commonly equated with the merely singular individual. What is at stake here is to grasp what makes Fanon, as it does any political theorist, not merely an author but also a “movement emerging”. The exploration of discursive regimes also leads to a reflection on what, within the habitual practices of interpellation, participates in a gendered division of the conversation and companionship of struggles.
690 _aFanon
690 _ainterpellation
690 _anon-violence
690 _aSartre
690 _aviolence
786 0 _nActuel Marx | 55 | 1 | 2014-04-18 | p. 12-35 | 0994-4524
856 4 1 _uhttps://shs.cairn.info/revue-actuel-marx-2014-1-page-12?lang=fr&redirect-ssocas=7080
999 _c2210628
_d2210628